| 000 | 00648nam a2200229 a 4500 | ||
|---|---|---|---|
| 005 | 20210219152821.0 | ||
| 008 | 991125n 000 0 eng u | ||
| 035 | _aUPN01000062286 | ||
| 100 | _aLEWIS, Magda | ||
| 222 | _aHARVARD EDUCATIONAL REVIEW | ||
| 245 | _aA discourse not intended for her : learning and teaching within patriarchy | ||
| 260 | _aMASSACHUSETTS, EUA | ||
| 300 | _a457-472 | ||
| 362 | _a1986 Vol. 56, no. 4, nov. | ||
| 653 | 0 | _aFEMINISMO | |
| 653 | 0 | _aFORMACION DE MAESTROS | |
| 653 | 0 | _aMUJERES | |
| 653 | 0 | _aPRACTICA PROFESIONAL | |
| 700 | _aSimon, Roger I. coaut. | ||
| 904 |
_aAC _b000097 |
||
| 905 | _aArticulo | ||
| 999 |
_c61631 _d61631 |
||